000 00883 a2200169 4500
003 Nust
005 20221020115546.0
040 _cNust
082 _a620.1053,SHA
100 _aShames, Irving Herman,
_939929
245 _aEngineering mechanics:
_bStatics Vol :1 /
_cIrving Herman Shames,
260 _aEnglewood Cliffs,
_b N.J., Prentice-Hall,
_c 1959.
300 _a272 p. illus.
_b 24 cm.
505 _aFundamentals of Mechanics (Page-1), Elements of Vector Algebra (Page-18), Important Vector Quantities (Page-39), Equivalent Force Systems (Page-55), Equations of Equilibrium (Page-86), Introduction to Structural Mechanics (Page-127), Frictional Forces (Page-171), Properties of Surfaces (Page-208), Introduction to Continuum Mechanics (Page-233), Introduction to Variational Mechanics Statics (Page-268)
650 _aEngineering mechanics: statics.
_962801
942 _2ddc
_cBK
999 _c182859
_d182859